<?xml version="1.0" encoding="UTF-8"?>
<marc:record xmlns:marc="http://www.loc.gov/MARC21/slim">
   <marc:leader>00000nam a2200000 a 4500</marc:leader>
   <marc:datafield ind1="0" ind2="0" tag="245">
      <marc:subfield code="a">Jesus Christ Superstar</marc:subfield>
   </marc:datafield>
   <marc:datafield ind1="0" ind2="0" tag="245">
      <marc:subfield code="b">das legendäre Musical!</marc:subfield>
   </marc:datafield>
   <marc:datafield ind1=" " ind2="1" tag="264">
      <marc:subfield code="b">Universal</marc:subfield>
      <marc:subfield code="c">2000</marc:subfield>
   </marc:datafield>
   <marc:datafield ind1="1" ind2=" " tag="520">
      <marc:subfield code="a">Tim Rice und Andrew Lloyd Webber brachten ihren Musicalhit "Jesus Christ Superstar" erstmals 1971 im Londoner West End auf die Bühne, und bereits bei der Premiere war klar, daß sich die Musicalwelt durch dieses Werk für immer verändern würde. "Jesus Christ Superstar" erscheint nun zum ersten mal als Videofassung. Gedreht in den Pinewood Studios, begeistert diese Bühnenversion mit Glenn Carter und Rick Mayall vor allem durch einige der besten Musicalmelodien, die Andrew Lloyd Webber je geschrieben hat - darunter unvergessliche Songs wie "I don't know how to love him", "Gethsemane" und "Superstar". Ein faszinierendes Erlebnis, das Ihnen für immer in Erinnerung bleiben wird!</marc:subfield>
   </marc:datafield>
   <marc:datafield ind1=" " ind2=" " tag="020">
      <marc:subfield code="a">9190201124</marc:subfield>
      <marc:subfield code="9">9190201124</marc:subfield>
   </marc:datafield>
   <marc:datafield ind1=" " ind2=" " tag="500">
      <marc:subfield code="a">ab 6 Jahren</marc:subfield>
   </marc:datafield>
   <marc:datafield ind1="0" ind2=" " tag="490">
      <marc:subfield code="v">0</marc:subfield>
   </marc:datafield>
   <marc:datafield ind1=" " ind2=" " tag="300">
      <marc:subfield code="a">ca. 107 Min.</marc:subfield>
   </marc:datafield>
</marc:record>
